000 01342cam a22003857a 4500
003 CHAP
005 20220817041740.0
008 971013s1971 r 00010 d
010 _a23241
011 _a24213
035 _a28312
040 _cCHAP
090 _aFolleto 2102
110 _aFAO. Comisión del Codex Alimentarius
_939482
245 0 _aNormas internacionales recomendadas para los zumos (jugos) de naranja, pomelo y limón : conservados por medios físicos exclusivamente
260 _aRoma :
_bFAO,
_c1971
300 _a27 p.
410 2 _aFAO
490 0 _aPrograma conjunto FAO/OMS sobre normas alimentarias
590 _aBATCH-UPD
_b10
_c20130110
_lUCH01
_h1356
590 _aBATCH-UPD
_b10
_c20130410
_lUCH01
_h0850
590 _aBATCH-UPD
_b10
_c20130914
_lUCH01
_h1343
590 _aCONVERSION
_b10
_c20130109
_lUCH01
_h1314
650 1 4 _aJugo de limón
_xNormas de calidad.
_962287
650 1 4 _aJugo de naranja
_xNormas de calidad.
_962293
650 1 7 _aJugo de toronja
_2
_962301
710 0 _aFAO.
710 0 _aOrganización Mundial de la Salud.
_983555
810 0 _aFAO
830 0 _aPrograma conjunto FAO/OMS sobre normas alimentarias
_992254
901 _aBK
942 _cFOLL
949 _aFolleto 2102
_bBC
_cFAO
_d-65298
_eFAO1
_i28312
_si
949 _aFolleto 2102
_bBC
_cFAO
_d-65299
_eFAO2
_fc.2
_i28312
_si
999 _c23241
_d23241